=LDR 00000nam 2200000 4500 =001 NUTBA000000000002486 =005 20140618084121.0 =006 =007 =008 =020 ##$$a 979-9414-58 =035 ##$$a 0010-061400000000429 =040 ##$$a NBPDMAT =082 ##$$a 781.62 =090 ##$$a 781.62 $b Ros b =100 ##$$a Rosida Irmawati =245 ##$$a Berkenalan dengan kesenian tradisional madura / $c Rosida Irmawati =250 ##$$a Cet.3 =260 ##$$a Surabaya : $b SIC, $c 2012 =300 ##$$a v, 144 hlm. : $b ilus. ; $c 21 cm. =500 ##$$a Bibliografi : hlm. 144 =650 ##$$a Kesenian Madura =850 ##$$a NBPDMAT =990 ##$$a 21402092